| 000 | 00519nam a22002057a 4500 | ||
|---|---|---|---|
| 003 | OSt | ||
| 005 | 20140310182755.0 | ||
| 008 | 130205t xxu||||| |||| 00| 0 eng d | ||
| 020 | _a160459540x | ||
| 050 |
_aBF 721 _b.M781 2007 |
||
| 082 |
_aM 370.92 _bM76 2007 |
||
| 245 |
_aThe absorbent mind _cMontessori, Maria |
||
| 260 |
_aNew York _bDell Pub. Co. _cc2007 |
||
| 300 |
_a304 p. _c 21 cm. |
||
| 521 | _acollege students | ||
| 526 | _c1210L-1700L | ||
| 541 | _j1 | ||
| 562 | _e1 | ||
| 942 |
_2lcc _cBK _kM |
||
| 999 |
_c15844 _d15844 |
||